Responses for Show #9121 - Monday, June 10, 2024

Adriana Harmeyer game 9.

Contestants

[<< previous game]

Josh Fry, a software developer originally from Peachtree Corners, Georgia

Aaron Lemos, a high school video production teacher from Northridge, California

Adriana Harmeyer, an archivist from West Lafayette, Indiana (whose 8-day cash winnings total $183,100)

[next game >>]

Jeopardy! Round responses

CAPITALS & THEIR AIRPORTS
BUNNY LIT
WELL, THAT HAPPENED
TIME FOR SOME DRUGS
DUETS WITH DADS
(Ken: Father's Day coming up this weekend.)
FIND "OUT"
    $200 11
Cairo

Adriana
    $200 5
(Ken: Correct, you ran the category and you know your BUNNY LIT.)
[Applause]

the White Rabbit

Adriana
    $200 12
(Adriana: What is a crash test dummy?)

a mannequin

AdrianaJosh
    $200 21
(Adriana: What is magnesium?)
(Aaron: What is sodium?)

calcium

AdrianaAaron
Triple Stumper
    $200 28
Elvis Presley

Adriana
    $200 6
a blowout

Aaron
    $400 19
Seoul

Aaron
    $400 1
Winnie-the-Pooh

Adriana
    $400 24
the Sahara

Josh
    $400 22
histamine

Aaron
    $400 20
Tim McGraw

Aaron
    $400 7
about face

Josh
    $600 18
Manila

Josh
    $600 2
Peter Cottontail

Adriana
    $600 26
Green Acres

Josh
    $600 23
sulfa drugs

Triple Stumper
    $600 15
(Josh: Who are Billy Cyrus and--[*]?)

Billy Ray Cyrus & Miley Cyrus

Josh
    $600 8
fallout

Josh
    $2,800 16
(Josh: What is Amman?)

Riyadh, Saudi Arabia

Josh
    $800 3
Watership Down

Adriana
    $800 25
a submarine

Aaron
    $800 30
(Adriana: What is Xanax?)

Valium

AdrianaAaron
    $800 13
Bocelli

Adriana
    $800 9
devout

Aaron
    $1000 17
(Aaron: What is Lima?)
(Josh: What is Quito?)
(Adriana: What is Buenos Aires?)

La Paz, Bolivia

AdrianaAaronJosh
Triple Stumper
    $1000 4
Bunnicula

Adriana
    $1000 27
(Aaron: What is Charlotte?)

Lilibet

AdrianaAaron
    $1000 29
(Aaron: What is ephedrine?)

epinephrine

AaronJosh
    $1000 14
"Unforgettable"

Josh
    $1000 10
outrigger

Aaron

Scores at the first commercial break (after clue 15):

Adriana Aaron Josh
$3,800 $2,000 $2,800

Scores at the end of the Jeopardy! Round:

Adriana Aaron Josh
$3,000 $1,600 $1,600

Double Jeopardy! Round responses

SENATE HISTORY
THE ANIMAL KINGDOM
MONUMENTS & MEMORIALS
THERE'S GOLD IN YOUR FUTURE
THEY DIRECTED THEMSELVES
EMOTIONS
(Tony: I'm Tony Hale; I'm the voice of Fear in Disney and Pixar's new film Inside Out 2 and I'll test your knowledge of some other emotions in a category today.)
    $400 29
a vice president

Josh
    $400 30
Mexico City

Josh
    $400 16
the Great Fire of London

Josh
    $400 26
a potato

Josh
    $400 1
[Aaron selected the first clue.]

Bradley Cooper

Josh
    $400 6
euphoria

Aaron
    $800 28
parliamentarian

Adriana
    $800 27
a wallaby & a kangaroo

Josh
    $800 12
Italy

Triple Stumper
    $800 20
(Adriana: What is a Best Actress Oscar?)

a Golden Globe

AdrianaJosh
    $800 4
Barbra Streisand

Aaron
    $800 7
regret

Adriana
    $1200 25
(Adriana: What is the gold standard?)

the Bank of the United States

Adriana
Triple Stumper
    $1200 11
the banana slug

Adriana
    $1,500 13
the Marines (the Marine Corps)

Adriana
    $1200 19
(Aaron: What is Yamaha?)
(Josh: What is Kawasaki?)

a Honda

AaronJosh
Triple Stumper
    $1200 3
Denzel Washington

Adriana
    $1200 8
Anxiety

Triple Stumper
    $1600 21
(Aaron: What is filibuster?)

cloture

Aaron
Triple Stumper
    $1,500 22
incisors

Josh
    $1600 15
Oklahoma City

Aaron
    $1600 17
Midas

Josh
    $1600 2
Ben Stiller

Josh
    $1600 9
Phobos & Deimos

Adriana
    $2000 24
the Patriot Act

Adriana
    $2000 23
a mule deer

Triple Stumper
    $2000 14
(Aaron: What is the Flatiron District?)

Greenwich Village

Aaron
Triple Stumper
    $2000 18
Bangkok

Aaron
    $2000 5
George Clooney

Adriana
    $2000 10
(Ken: Our thanks to Tony Hale for helping us out with those emotional clues; you can hear him voicing an emotion in Inside Out 2, hitting theaters June 14.)

Woe is me

Josh

Scores at the end of the Double Jeopardy! Round:

Adriana Aaron Josh
$12,100 $1,600 $10,700

[wagering suggestions for these scores]

Final Jeopardy! Round responses

NEW YORK TIMES BOOK REVIEWS
(Ken: [To Adriana] By Vladimir Nabokov.)
AaronWhat is Portnoy's Complaint?
$1,600
JoshWhat is T The Catcher in the Rye?
$1,401
AdrianaWhat is Lolita?
$9,500
Lolita

Final scores:

Adriana Aaron Josh
$21,600 $0 $9,299
9-day champion: $204,700 3rd place: $2,000 2nd place: $3,000

Game dynamics:

Coryat scores:

Adriana Aaron Josh
$11,800 $1,600 $13,600
17 R
(including 1 DD),
6 W
12 R,
7 W
20 R
(including 1 DD),
3 W
(including 1 DD)

Combined Coryat: $27,000

[game clues] [game scores] [suggest correction]

Game tape date: 2024-05-07
The J! Archive is created by fans, for fans. Scraping, republication, monetization, and malicious use prohibited; this site may use cookies and collect identifying information. See terms. The Jeopardy! game show and all elements thereof, including but not limited to copyright and trademark thereto, are the property of Jeopardy Productions, Inc. and are protected under law. This website is not affiliated with, sponsored by, or operated by Jeopardy Productions, Inc. Join the discussion at JBoard.tv.